[Event "HUN-chT2 Szechenyi 1718"]
[Site "Hungary"]
[Date "2017.12.03"]
[Round "3.3"]
[White "Arvai, Eszter"]
[Black "Martini, Balazs"]
[Result "0-1"]
[WhiteElo "1965"]
[BlackElo "2347"]
[PlyCount "112"]
[EventDate "2017.10.29"]
[EventType "team-tourn"]
[EventRounds "9"]
[EventCountry "HUN"]
[SourceTitle "EXT 2021"]
[Source "ChessBase"]
[SourceDate "2020.10.23"]
[SourceVersion "1"]
[SourceVersionDate "2020.10.23"]
[SourceQuality "1"]
[WhiteTeam "Tapolca VSE II"]
[BlackTeam "Ajka Banyasz"]
[WhiteTeamCountry "HUN"]
[BlackTeamCountry "HUN"]

1. e4 c5 2. Nf3 Nc6 3. d4 cxd4 4. Nxd4 e5 5. Nb5 d6 6. N1c3 a6 7. Na3 b5 8. Nd5 Nge7 9. Bg5 h6 10. Be3 Nxd5 11. Qxd5 Qc7 12. c3 Be7 13. Be2 0-0 14. 0-0 Rd8 15. Bf3 Be6 16. Qd2 Na5 17. Rfd1 Rab8 18. Nc2 Nc4 19. Qc1 a5 20. b3 Nxe3 21. Nxe3 Bg5 22. Qb2 Bxe3 23. fxe3 Qc5 24. Rd3 Bc4 25. Rd2 Qxe3+ 26. Kh1 Be6 27. Rad1 Qb6 28. Rd3 Kf8 29. Qe2 f6 30. Bg4 Bg8 31. Qd2 a4 32. Rxd6 Rxd6 33. Qxd6+ Qxd6 34. Rxd6 axb3 35. axb3 Bxb3 36. h3 Rb7 37. Rd7 Rxd7 38. Bxd7 Bc4 39. Kg1 Ke7 40. Bc6 Kd6 41. Be8 Bd3 42. Kf2 Bxe4 43. Bxb5 Kc5 44. Be2 Bc6 45. g3 Bb5 46. Bh5 Bd7 47. h4 Kc4 48. Ke3 Kxc3 49. Ke4 Kc4 50. g4 Kc5 51. g5 Kd6 52. gxf6 gxf6 53. Bg6 f5+ 54. Ke3 Ke6 55. Bh5 Bc6 56. Bd1 f4+ 0-1

[Event "HUN-chT2 Szechenyi 1617"]
[Site "Hungary"]
[Date "2016.12.11"]
[Round "6"]
[White "Arvai, Eszter"]
[Black "Joo, Gabor"]
[Result "1/2-1/2"]
[WhiteElo "2035"]
[BlackElo "2023"]
[PlyCount "35"]
[EventDate "2016.09.25"]
[EventType "team-tourn"]
[EventRounds "11"]
[EventCountry "HUN"]
[SourceTitle "EXT 2021"]
[Source "ChessBase"]
[SourceDate "2020.10.23"]
[SourceVersion "1"]
[SourceVersionDate "2020.10.23"]
[SourceQuality "1"]
[WhiteTeam "Tapolca VSE II"]
[BlackTeam "Haladas Szombathely III"]
[WhiteTeamCountry "HUN"]
[BlackTeamCountry "HUN"]

1. e4 c5 2. Nf3 d6 3. d4 cxd4 4. Qxd4 Bd7 5. Be3 Nc6 6. Qd2 Nf6 7. Nc3 Ng4 8. Bf4 Qa5 9. Bc4 Nce5 10. Nxe5 Nxe5 11. Bxe5 Qxe5 12. Qd5 Qxd5 13. exd5 Rc8 14. Bd3 g6 15. Ne4 Bg7 16. 0-0-0 0-0 17. Rhe1 Bf5 18. Ng3 1/2-1/2

[Event "HUN-chT U18"]
[Site "Hajduboszormeny"]
[Date "2016.11.04"]
[Round "4.3"]
[White "Arvai, Eszter"]
[Black "Vanczak, Tamas"]
[Result "0-1"]
[WhiteElo "2035"]
[BlackElo "2121"]
[PlyCount "54"]
[EventDate "2016.11.02"]
[EventType "team-swiss"]
[EventRounds "8"]
[EventCountry "HUN"]
[SourceTitle "CBM 175 Extra"]
[Source "ChessBase"]
[SourceDate "2016.12.12"]
[SourceVersion "1"]
[SourceVersionDate "2016.12.12"]
[SourceQuality "1"]

1. e4 c5 2. Nf3 e6 3. d4 cxd4 4. Nxd4 Nf6 5. Nc3 Nc6 6. Be3 Bb4 7. Bd3 d5 8. 0-0 0-0 9. exd5 exd5 10. h3 Be6 11. Nce2 Bd6 12. Rc1 Qd7 13. c4 Rad8 14. c5 Bb8 15. Bb5 a6 16. Nxc6 bxc6 17. Bxa6 d4 18. Bxd4 Bxh3 19. Qb3 Bxg2 20. Kxg2 Qg4+ 21. Ng3 Bxg3 22. Qxg3 Qxd4 23. b3 Nh5 24. Qe3 Qg4+ 25. Kh2 Nf4 26. Qg3 Qh5+ 27. Kg1 Rd5 0-1

[Event "EU-ch U18 Girls 26th"]
[Site "Prague"]
[Date "2016.08.18"]
[Round "1"]
[White "Khomeriki, Nino"]
[Black "Arvai, Eszter"]
[Result "1-0"]
[WhiteElo "2338"]
[BlackElo "1955"]
[PlyCount "63"]
[EventDate "2016.08.18"]
[EventType "swiss"]
[EventRounds "9"]
[EventCountry "CZE"]
[SourceTitle "CBM 174 Extra"]
[Source "ChessBase"]
[SourceDate "2016.10.10"]
[SourceVersion "1"]
[SourceVersionDate "2016.10.10"]
[SourceQuality "1"]

1. d4 Nf6 2. c4 e6 3. Nc3 Bb4 4. e3 b6 5. Bd3 Bb7 6. f3 Bxc3+ 7. bxc3 d5 8. cxd5 exd5 9. Ba3 Nbd7 10. Ne2 c5 11. 0-0 0-0 12. Ng3 Re8 13. Qd2 Qc7 14. Rae1 Rac8 15. Bb2 Re6 16. Bf5 Rc6 17. Bb1 b5 18. e4 Nb6 19. e5 Nfd7 20. Bc1 Ba6 21. Qg5 Qd8 22. Qg4 b4 23. Rf2 bxc3 24. Bg5 Qf8 25. Nf5 Re6 26. Qh4 h6 27. Ne7+ Kh8 28. Nxc8 Qxc8 29. Bf5 Rc6 30. dxc5 Rxc5 31. Bxh6 Kg8 32. e6 1-0

[Event "HUN-chT2 Charousek 1516"]
[Site "Hungary"]
[Date "2016.04.03"]
[Round "8.12"]
[White "Arvai, Eszter"]
[Black "Majnay, Peter"]
[Result "1-0"]
[WhiteElo "1893"]
[BlackElo "1848"]
[PlyCount "73"]
[EventDate "2015.10.18"]
[EventType "team-tourn"]
[EventRounds "9"]
[EventCountry "HUN"]
[SourceTitle "EXT 2017"]
[Source "ChessBase"]
[SourceDate "2016.10.25"]
[SourceVersion "1"]
[SourceVersionDate "2016.10.25"]
[SourceQuality "1"]
[WhiteTeam "Tapolca Rockwool"]
[BlackTeam "Decs 1990"]
[WhiteTeamCountry "HUN"]
[BlackTeamCountry "HUN"]

1. e4 e5 2. Nf3 Nc6 3. Bc4 Nf6 4. d3 Bc5 5. c3 d6 6. Nbd2 0-0 7. Bb3 a6 8. a4 Ba7 9. h3 Be6 10. Bc2 d5 11. 0-0 dxe4 12. dxe4 h6 13. Qe2 Qe7 14. Nc4 Bxc4 15. Qxc4 Qc5 16. Qe2 Rfe8 17. Nh4 Ne7 18. Qf3 Qc6 19. a5 Qe6 20. Ra3 c5 21. Bb1 Kh8 22. Ba2 c4 23. Ra4 Rac8 24. Qe2 g5 25. Nf3 Qc6 26. Qxc4 Qxc4 27. Bxc4 Nc6 28. Bxf7 Re7 29. Bd5 g4 30. hxg4 Nxg4 31. Nh4 Rf8 32. Nf5 Rd7 33. Bxc6 bxc6 34. Rc4 Nxf2 35. Be3 Bxe3 36. Nxe3 Rdf7 37. Rxc6 1-0

[Event "EU-ch U18 Girls 25th"]
[Site "Porec"]
[Date "2015.09.28"]
[Round "7"]
[White "Arvai, Eszter"]
[Black "Drogovoz, Maria"]
[Result "1/2-1/2"]
[WhiteElo "2006"]
[BlackElo "1924"]
[PlyCount "97"]
[EventDate "2015.09.21"]
[EventType "swiss"]
[EventRounds "9"]
[EventCountry "CRO"]
[SourceTitle "EXT 2016"]
[Source "ChessBase"]
[SourceDate "2015.10.08"]
[SourceVersion "1"]
[SourceVersionDate "2015.10.08"]
[SourceQuality "1"]

1. d4 Nf6 2. Nf3 e6 3. g3 b5 4. Bg2 Bb7 5. 0-0 c5 6. a4 b4 7. c4 cxd4 8. Nxd4 Bxg2 9. Kxg2 d5 10. Qd3 Be7 11. Bf4 dxc4 12. Qxc4 Qd5+ 13. Qxd5 Nxd5 14. Nb5 0-0 15. Bd6 Bxd6 16. Nxd6 Rd8 17. Nc4 Nd7 18. Nbd2 N7b6 19. a5 Nxc4 20. Nxc4 Rac8 21. Rac1 g6 22. e4 Nc3 23. bxc3 Rxc4 24. cxb4 Rxb4 25. Rc7 a6 26. Ra7 Rd2 27. Rxa6 Rxe4 28. Ra8+ Kg7 29. Ra1 Ree2 30. Rf1 Ra2 31. a6 Reb2 32. a7 Rb7 33. Rb8 Raxa7 34. Rxb7 Rxb7 35. h4 Rb2 36. Rc1 h5 37. Rc5 Kf6 38. Rc6 Kf5 39. Rc8 e5 40. Re8 e4 41. Re7 f6 42. Re8 Rb5 43. Ra8 Re5 44. Ra3 g5 45. hxg5 fxg5 46. Rb3 g4 47. Ra3 e3 48. fxe3 Ke4 49. Kf2 1/2-1/2

[Event "HUN-chT U18"]
[Site "Budapest"]
[Date "2015.08.28"]
[Round "4.41"]
[White "Arvai, Eszter"]
[Black "Olle, Rebeka Sara"]
[Result "1-0"]
[WhiteElo "2027"]
[BlackElo "1813"]
[PlyCount "71"]
[EventDate "2015.08.26"]
[EventType "team-swiss"]
[EventRounds "8"]
[EventCountry "HUN"]
[SourceTitle "EXT 2016"]
[Source "ChessBase"]
[SourceDate "2015.10.08"]
[SourceVersion "1"]
[SourceVersionDate "2015.10.08"]
[SourceQuality "1"]

1. d4 Nf6 2. Nf3 g6 3. g3 Bg7 4. Bg2 0-0 5. Nbd2 c5 6. 0-0 Qc7 7. e4 d6 8. Re1 cxd4 9. Nxd4 Nc6 10. c3 Nd7 11. Nf1 Qb6 12. Nb3 Nde5 13. Ne3 a5 14. Nd5 Qd8 15. Nd4 e6 16. Ne3 Nxd4 17. cxd4 Nd7 18. b3 e5 19. Bb2 b5 20. Rc1 Bb7 21. Nd5 Rc8 22. Rxc8 Bxc8 23. Qd3 b4 24. Rc1 Bb7 25. Qb5 Bxd5 26. Qxd5 Nb6 27. Qxa5 exd4 28. Qxb4 d5 29. Bxd4 Bxd4 30. Qxd4 dxe4 31. Qxd8 Rxd8 32. Bxe4 f5 33. Bf3 Rd3 34. Kg2 Rd2 35. a4 Nd7 36. Rd1 1-0

[Event "HUN-chT U18"]
[Site "Budapest"]
[Date "2015.08.28"]
[Round "5.23"]
[White "Fekete, Agnes"]
[Black "Arvai, Eszter"]
[Result "1-0"]
[WhiteElo "1795"]
[BlackElo "2027"]
[PlyCount "69"]
[EventDate "2015.08.26"]
[EventType "team-swiss"]
[EventRounds "8"]
[EventCountry "HUN"]
[SourceTitle "EXT 2016"]
[Source "ChessBase"]
[SourceDate "2015.10.08"]
[SourceVersion "1"]
[SourceVersionDate "2015.10.08"]
[SourceQuality "1"]

1. d4 d5 2. Nf3 Nf6 3. Bg5 e6 4. e3 Be7 5. Bd3 0-0 6. 0-0 Nbd7 7. Nbd2 c5 8. c3 h6 9. Bh4 Qc7 10. Rc1 b6 11. Bb1 Bb7 12. Qc2 g6 13. Bg3 Qd8 14. Ne5 Nxe5 15. Bxe5 Re8 16. Nf3 Bf8 17. Bxf6 Qxf6 18. h4 h5 19. Ng5 e5 20. f4 exd4 21. f5 Qe5 22. fxg6 f6 23. g7 Bxg7 24. Qh7+ Kf8 25. Rxf6+ Qxf6 26. Rf1 Qxf1+ 27. Kxf1 Ba6+ 28. Kg1 d3 29. Bxd3 Bxd3 30. Qxd3 Re5 31. Qf1+ Kg8 32. Qf7+ Kh8 33. Qxh5+ Kg8 34. Qg6 Rae8 35. h5 1-0

[Event "World ol U16"]
[Site "Gyor"]
[Date "2014.12.21"]
[Round "10.3"]
[White "Arvai, Eszter"]
[Black "Petrov, Vladimir Sergeev"]
[Result "0-1"]
[WhiteElo "1978"]
[BlackElo "2055"]
[PlyCount "76"]
[EventDate "2014.12.13"]
[EventType "team-swiss"]
[EventRounds "10"]
[EventCountry "HUN"]
[SourceTitle "EXT 2016"]
[Source "ChessBase"]
[SourceDate "2015.10.08"]
[SourceVersion "1"]
[SourceVersionDate "2015.10.08"]
[SourceQuality "1"]
[WhiteTeam "Transdanubium West"]
[BlackTeam "Bulgaria"]
[WhiteTeamCountry "HUN"]
[BlackTeamCountry "BUL"]

1. d4 Nf6 2. Nf3 e6 3. g3 d5 4. Bg2 Be7 5. 0-0 0-0 6. Nbd2 c5 7. e3 Nc6 8. b3 b5 9. c4 bxc4 10. bxc4 Rb8 11. Ba3 cxd4 12. Bxe7 Nxe7 13. Nxd4 e5 14. N4f3 d4 15. exd4 exd4 16. Nb3 d3 17. Nfd4 Bf5 18. Re1 Bg6 19. Bf1 Qd7 20. Bxd3 Rbd8 21. Bxg6 Nxg6 22. c5 Qh3 23. Qf3 Rd5 24. Qg2 Qh5 25. Nc6 Ng4 26. Ne7+ Nxe7 27. Rxe7 Ne5 28. Kh1 Rd1+ 29. Rxd1 Qxd1+ 30. Qg1 Qd5+ 31. Qg2 Nf3 32. Re1 Rd8 33. Rf1 g5 34. g4 Kg7 35. Rc1 h5 36. c6 hxg4 37. c7 Rh8 38. Nc5 Qe5 0-1

[Event "World ol U16"]
[Site "Gyor"]
[Date "2014.12.19"]
[Round "8.3"]
[White "Puskar, Peter"]
[Black "Arvai, Eszter"]
[Result "1-0"]
[WhiteElo "2051"]
[BlackElo "1978"]
[PlyCount "81"]
[EventDate "2014.12.13"]
[EventType "team-swiss"]
[EventRounds "10"]
[EventCountry "HUN"]
[SourceTitle "EXT 2016"]
[Source "ChessBase"]
[SourceDate "2015.10.08"]
[SourceVersion "1"]
[SourceVersionDate "2015.10.08"]
[SourceQuality "1"]
[WhiteTeam "Slovakia West"]
[BlackTeam "Transdanubium West"]
[WhiteTeamCountry "SVK"]
[BlackTeamCountry "HUN"]

1. d4 d5 2. c4 e6 3. Nf3 Nf6 4. Bg5 Bb4+ 5. Nbd2 Nbd7 6. e3 Be7 7. cxd5 exd5 8. Bd3 0-0 9. 0-0 c5 10. Rc1 b6 11. h3 Bb7 12. Bf4 Ne4 13. Ne5 Nxe5 14. Bxe5 Bd6 15. Bxd6 Qxd6 16. Bxe4 dxe4 17. dxc5 bxc5 18. Nb3 Qb6 19. Nxc5 Rfd8 20. Qe2 Rac8 21. Nxb7 Qxb7 22. Rfd1 Rxc1 23. Rxc1 Qd5 24. Qc4 Qd2 25. b4 g6 26. a4 Rd6 27. Qc3 Qe2 28. Rc2 Qd1+ 29. Kh2 Rd8 30. Qc7 Rd7 31. Qb8+ Rd8 32. Rc8 Rxc8 33. Qxc8+ Kg7 34. Qc6 Qb3 35. Qb5 a6 36. Qe5+ Kg8 37. b5 axb5 38. axb5 Qb4 39. Qb8+ Kg7 40. b6 Qb5 41. Qc7 1-0

[Event "World ol U16"]
[Site "Gyor"]
[Date "2014.12.18"]
[Round "7.3"]
[White "Higgins, Michael"]
[Black "Arvai, Eszter"]
[Result "0-1"]
[WhiteElo "1559"]
[BlackElo "1978"]
[PlyCount "82"]
[EventDate "2014.12.13"]
[EventType "team-swiss"]
[EventRounds "10"]
[EventCountry "HUN"]
[SourceTitle "EXT 2016"]
[Source "ChessBase"]
[SourceDate "2015.10.08"]
[SourceVersion "1"]
[SourceVersionDate "2015.10.08"]
[SourceQuality "1"]
[WhiteTeam "Ireland"]
[BlackTeam "Transdanubium West"]
[WhiteTeamCountry "IRL"]
[BlackTeamCountry "HUN"]

1. c4 c5 2. Nc3 Nf6 3. g3 e6 4. Bg2 d6 5. d3 Be7 6. Nf3 Nbd7 7. 0-0 0-0 8. a3 Rb8 9. b4 a6 10. b5 Qc7 11. Qb3 a5 12. Bb2 b6 13. Nd2 Bb7 14. Bxb7 Qxb7 15. e4 Rbd8 16. Rfe1 Ne8 17. Nf1 Ne5 18. Qd1 f5 19. f4 Ng6 20. exf5 exf5 21. Nd5 Bf6 22. Qf3 Kh8 23. Bxf6 Nxf6 24. Nfe3 Ne7 25. Kf2 Nexd5 26. Nxd5 Nxd5 27. cxd5 Rde8 28. a4 Qf7 29. Rac1 Qf6 30. Re2 Qd4+ 31. Kg2 Qxa4 32. Rce1 Qxb5 33. Qh5 Rxe2+ 34. Rxe2 Qxd3 35. Re7 Qxd5+ 36. Kh3 a4 37. g4 Qf3+ 38. Kh4 Qxg4+ 39. Qxg4 fxg4 40. Kxg4 Ra8 41. Re1 b5 0-1

[Event "World ol U16"]
[Site "Gyor"]
[Date "2014.12.16"]
[Round "5.3"]
[White "Doluweera, Minul Sanjula"]
[Black "Arvai, Eszter"]
[Result "1/2-1/2"]
[WhiteElo "2031"]
[BlackElo "1978"]
[PlyCount "78"]
[EventDate "2014.12.13"]
[EventType "team-swiss"]
[EventRounds "10"]
[EventCountry "HUN"]
[SourceTitle "EXT 2016"]
[Source "ChessBase"]
[SourceDate "2015.10.08"]
[SourceVersion "1"]
[SourceVersionDate "2015.10.08"]
[SourceQuality "1"]
[WhiteTeam "Sri Lanka"]
[BlackTeam "Transdanubium West"]
[WhiteTeamCountry "SRI"]
[BlackTeamCountry "HUN"]

1. d4 d5 2. c4 e6 3. Nc3 Nf6 4. Bg5 Bb4 5. e3 Nbd7 6. Bd3 Bxc3+ 7. bxc3 c5 8. cxd5 exd5 9. Nf3 Qa5 10. 0-0 0-0 11. dxc5 Ne4 12. Bf4 Ndxc5 13. c4 dxc4 14. Bxc4 Bg4 15. Qc2 Bxf3 16. gxf3 Nd2 17. Rfd1 Nxc4 18. Qxc4 Ne6 19. Rd5 Qb6 20. Be5 Rac8 21. Qg4 Rfd8 22. e4 Qb4 23. Rad1 Qf8 24. f4 Rxd5 25. Rxd5 Rd8 26. f5 Rxd5 27. exd5 Nc5 28. f6 g6 29. h4 h5 30. Qg5 Nd7 31. d6 Qe8 32. f4 Qc8 33. Qg2 Nxe5 34. fxe5 Qc5+ 35. Kh2 Qxe5+ 36. Qg3 Qe2+ 37. Kh3 Qe6+ 38. Kh2 Qe2+ 39. Kh3 Qe6+ 1/2-1/2

[Event "World ol U16"]
[Site "Gyor"]
[Date "2014.12.15"]
[Round "4.3"]
[White "Arvai, Eszter"]
[Black "Zarubitski, Viachaslau"]
[Result "0-1"]
[WhiteElo "1978"]
[BlackElo "2219"]
[PlyCount "78"]
[EventDate "2014.12.13"]
[EventType "team-swiss"]
[EventRounds "10"]
[EventCountry "HUN"]
[SourceTitle "EXT 2016"]
[Source "ChessBase"]
[SourceDate "2015.10.08"]
[SourceVersion "1"]
[SourceVersionDate "2015.10.08"]
[SourceQuality "1"]
[WhiteTeam "Transdanubium West"]
[BlackTeam "Belarus"]
[WhiteTeamCountry "HUN"]
[BlackTeamCountry "BLR"]

1. d4 Nf6 2. Nf3 e6 3. g3 b5 4. Bg2 Bb7 5. 0-0 Be7 6. Nbd2 0-0 7. b3 c5 8. c4 a6 9. Qc2 cxd4 10. Nxd4 Bxg2 11. Kxg2 Qb6 12. Bb2 Nc6 13. e3 Rac8 14. Rac1 bxc4 15. bxc4 Nb4 16. Qb3 Qa5 17. a3 Nc6 18. Bc3 Qc5 19. Qa4 Nxd4 20. exd4 Qf5 21. Qc2 Qh5 22. Qd1 Qh6 23. Bb4 d6 24. Qf3 Rb8 25. Rc2 Rfc8 26. Rfc1 Qg6 27. Rc3 a5 28. Bxa5 Qg5 29. Nb3 Rxb3 30. Rxb3 Qxc1 31. Qb7 Re8 32. Bc3 Qc2 33. d5 exd5 34. Bxf6 Bxf6 35. Qc6 Qe4+ 36. Kg1 Qe1+ 37. Kg2 dxc4 38. Rb1 Qe6 39. a4 d5 0-1

[Event "HUN-chT2 Charousek 1415"]
[Site "Hungary"]
[Date "2014.12.14"]
[Round "4"]
[White "Sugar, Kolos"]
[Black "Arvai, Eszter"]
[Result "0-1"]
[WhiteElo "1688"]
[BlackElo "2098"]
[PlyCount "60"]
[EventDate "2014.10.12"]
[EventType "team-tourn"]
[EventRounds "9"]
[EventCountry "HUN"]
[SourceTitle "EXT 2016"]
[Source "ChessBase"]
[SourceDate "2015.10.08"]
[SourceVersion "1"]
[SourceVersionDate "2015.10.08"]
[SourceQuality "1"]
[WhiteTeam "Biatorbagy"]
[BlackTeam "Tapolca"]
[WhiteTeamCountry "HUN"]
[BlackTeamCountry "HUN"]

1. e4 c6 2. d4 g6 3. Nf3 d5 4. Nc3 Bg7 5. Bf4 dxe4 6. Nxe4 Nd7 7. Bc4 Ngf6 8. Neg5 0-0 9. 0-0 h6 10. Nxf7 Rxf7 11. Bxf7+ Kxf7 12. Qd2 Qf8 13. Rfe1 Kg8 14. c4 Nh5 15. Bc7 Kh7 16. Re2 Nb6 17. Bxb6 axb6 18. Qb4 Bg4 19. Re3 Qd8 20. Rae1 Bxf3 21. Rxf3 Bf6 22. Qd2 Rxa2 23. g4 Ng7 24. Rh3 h5 25. gxh5 Nxh5 26. Re4 Qd7 27. Qd3 Qf5 28. Rf3 Qg5+ 29. Kf1 Ra1+ 30. Ke2 Qc1 0-1